[Event "CZE-chT2C 2223"]
[Site "Czech Republic"]
[Date "2022.11.06"]
[Round "2.2"]
[White "Crha, Ondrej"]
[Black "Haba, Zdenek"]
[Result "1/2-1/2"]
[WhiteElo "2208"]
[BlackElo "2171"]
[PlyCount "32"]
[EventDate "2022.10.16"]
[EventType "team-tourn"]
[EventRounds "11"]
[EventCountry "CZE"]
[SourceTitle "EXT 2024"]
[Source "ChessBase"]
[SourceDate "2023.10.10"]
[SourceVersion "1"]
[SourceVersionDate "2023.10.10"]
[SourceQuality "1"]
[WhiteTeam "Mlada Boleslav"]
[BlackTeam "Kolin"]
[WhiteTeamCountry "CZE"]
[BlackTeamCountry "CZE"]

1. e4 c6 2. d4 d5 3. exd5 cxd5 4. c4 Nf6 5. Nc3 g6 6. cxd5 Bg7 7. Bb5+ Nbd7 8. d6 e6 9. Nf3 0-0 10. 0-0 a6 11. Bd3 Nb6 12. Bf4 Ne8 13. Ne4 Nd5 14. Be5 Ndf6 15. Nfd2 Nxe4 16. Nxe4 f6 1/2-1/2

[Event "CZE-chT2C 1920"]
[Site "Czech Republic"]
[Date "2020.06.28"]
[Round "11.3"]
[White "Kucera, Petr3333"]
[Black "Crha, Ondrej"]
[Result "1/2-1/2"]
[WhiteElo "2176"]
[BlackElo "2152"]
[PlyCount "20"]
[EventDate "2019.10.13"]
[EventType "team-tourn"]
[EventRounds "11"]
[EventCountry "CZE"]
[SourceTitle "EXT 2024"]
[Source "ChessBase"]
[SourceDate "2023.10.10"]
[SourceVersion "1"]
[SourceVersionDate "2023.10.10"]
[SourceQuality "1"]
[WhiteTeam "Liberec Desko"]
[BlackTeam "Mlada Boleslav"]
[WhiteTeamCountry "CZE"]
[BlackTeamCountry "CZE"]

1. d4 d5 2. Nf3 Nf6 3. c4 e6 4. g3 Bb4+ 5. Bd2 Be7 6. Bg2 0-0 7. 0-0 c6 8. b3 b6 9. Nc3 Nbd7 10. Bf4 Ba6 1/2-1/2

[Event "CZE-chT2C 1920"]
[Site "Czech Republic"]
[Date "2020.06.27"]
[Round "10.3"]
[White "Crha, Ondrej"]
[Black "Brezmen, Pavel"]
[Result "1/2-1/2"]
[WhiteElo "2152"]
[BlackElo "2112"]
[PlyCount "72"]
[EventDate "2019.10.13"]
[EventType "team-tourn"]
[EventRounds "11"]
[EventCountry "CZE"]
[SourceTitle "EXT 2024"]
[Source "ChessBase"]
[SourceDate "2023.10.10"]
[SourceVersion "1"]
[SourceVersionDate "2023.10.10"]
[SourceQuality "1"]
[WhiteTeam "Mlada Boleslav"]
[BlackTeam "Kolin"]
[WhiteTeamCountry "CZE"]
[BlackTeamCountry "CZE"]

1. e4 c6 2. d4 d5 3. exd5 cxd5 4. c4 Nf6 5. Nc3 e6 6. Nf3 Nc6 7. Bg5 Be7 8. c5 Bd7 9. Bb5 0-0 10. Bxc6 Bxc6 11. 0-0 Nd7 12. Bf4 g5 13. Be3 f5 14. b4 f4 15. Bd2 Nb8 16. Re1 Bd7 17. b5 a6 18. a4 Rf5 19. Re5 Qf8 20. Qe2 Rxe5 21. Nxe5 Qf5 22. Re1 axb5 23. axb5 Be8 24. Ng4 Bf8 25. h3 Bf7 26. Ne5 Bg7 27. Qg4 Qxg4 28. hxg4 h6 29. Kf1 Kf8 30. g3 fxg3 31. fxg3 Ra3 32. Kg2 Rb3 33. Nf3 Rb2 34. Rb1 Rc2 35. Rc1 Rb2 36. Rb1 Rc2 1/2-1/2

[Event "CZE-chT2C 1920"]
[Site "Czech Republic"]
[Date "2020.01.12"]
[Round "6.2"]
[White "Stross, Frantisek"]
[Black "Crha, Ondrej"]
[Result "1/2-1/2"]
[WhiteElo "2260"]
[BlackElo "2152"]
[PlyCount "75"]
[EventDate "2019.10.13"]
[EventType "team-tourn"]
[EventRounds "11"]
[EventCountry "CZE"]
[SourceTitle "EXT 2024"]
[Source "ChessBase"]
[SourceDate "2023.10.10"]
[SourceVersion "1"]
[SourceVersionDate "2023.10.10"]
[SourceQuality "1"]
[WhiteTeam "Bakov nad Jizerou"]
[BlackTeam "Mlada Boleslav"]
[WhiteTeamCountry "CZE"]
[BlackTeamCountry "CZE"]

1. e4 c5 2. Nf3 e6 3. Qe2 b6 4. g3 Bb7 5. Bg2 d6 6. 0-0 Nf6 7. d3 Be7 8. Ne1 Nc6 9. c3 0-0 10. f4 d5 11. e5 Ne8 12. Nf3 d4 13. c4 g6 14. Nbd2 Ng7 15. Ne4 a6 16. g4 b5 17. b3 bxc4 18. bxc4 Rb8 19. Rb1 Ba8 20. Rxb8 Nxb8 21. Bd2 Nd7 22. Qe1 Qc7 23. Ba5 Qc6 24. Nfg5 Qa4 25. Qh4 h5 26. gxh5 Nxh5 27. Bc7 Bxe4 28. Bxe4 Qxa2 29. Bf3 Bxg5 30. Qxg5 Ng7 31. h4 Qd2 32. Be4 Qe3+ 33. Kg2 Nh5 34. Rf3 Qe2+ 35. Rf2 Qe3 36. Rf3 Qe2+ 37. Rf2 Qe3 38. Rf3 1/2-1/2

[Event "CZE-chT2C 1920"]
[Site "Czech Republic"]
[Date "2019.12.01"]
[Round "4.2"]
[White "Fojt, Petr"]
[Black "Crha, Ondrej"]
[Result "0-1"]
[WhiteElo "2055"]
[BlackElo "2152"]
[PlyCount "114"]
[EventDate "2019.10.13"]
[EventType "team-tourn"]
[EventRounds "11"]
[EventCountry "CZE"]
[SourceTitle "EXT 2024"]
[Source "ChessBase"]
[SourceDate "2023.10.10"]
[SourceVersion "1"]
[SourceVersionDate "2023.10.10"]
[SourceQuality "1"]
[WhiteTeam "Jicin"]
[BlackTeam "Mlada Boleslav"]
[WhiteTeamCountry "CZE"]
[BlackTeamCountry "CZE"]

1. Nf3 d5 2. c4 e6 3. g3 Nf6 4. Bg2 c6 5. 0-0 Bd6 6. b3 0-0 7. Bb2 Nbd7 8. d4 Qe7 9. Nbd2 e5 10. dxe5 Nxe5 11. Nxe5 Bxe5 12. Bxe5 Qxe5 13. cxd5 cxd5 14. Nf3 Qe7 15. Nd4 Bg4 16. Qd2 Rac8 17. Rac1 h6 18. Rfd1 Qe5 19. h3 Bd7 20. Qf4 Qxf4 21. gxf4 Rfe8 22. e3 a6 23. b4 Kf8 24. f5 Ke7 25. Rc5 b6 26. Rxd5 Nxd5 27. Bxd5 Red8 28. e4 Rc3 29. Kh2 Rdc8 30. f3 Rc1 31. Rd2 Rb1 32. Nb3 Rc3 33. Kg3 Rf1 34. Nd4 Rg1+ 35. Kf4 Rh1 36. e5 Rxh3 37. e6 Be8 38. Bb7 a5 39. b5 Rc4 40. Ke5 Rc5+ 41. Ke4 fxe6 42. fxe6 Rh4+ 43. Ke3 Rc3+ 44. Rd3 Rxd3+ 45. Kxd3 Rh2 46. Bd5 Kd6 47. Bc4 g6 48. f4 Kc5 49. Bb3 Kb4 50. e7 Kc5 51. f5 gxf5 52. Nxf5 Bxb5+ 53. Ke4 Re2+ 54. Kf4 Bd7 55. Ne3 Kd4 56. Nd5 Re4+ 57. Kf3 Bc6 0-1

[Event "CZE-chT2C 1920"]
[Site "Czech Republic"]
[Date "2019.10.13"]
[Round "1.2"]
[White "Crha, Ondrej"]
[Black "Forman, Stepan"]
[Result "1-0"]
[WhiteElo "2152"]
[BlackElo "2235"]
[PlyCount "77"]
[EventDate "2019.10.13"]
[EventType "team-tourn"]
[EventRounds "11"]
[EventCountry "CZE"]
[SourceTitle "EXT 2024"]
[Source "ChessBase"]
[SourceDate "2023.10.10"]
[SourceVersion "1"]
[SourceVersionDate "2023.10.10"]
[SourceQuality "1"]
[WhiteTeam "Mlada Boleslav"]
[BlackTeam "Neratovice II"]
[WhiteTeamCountry "CZE"]
[BlackTeamCountry "CZE"]

1. e4 c5 2. c3 Nf6 3. e5 Nd5 4. d4 cxd4 5. cxd4 e6 6. Nf3 b6 7. Bd3 Be7 8. 0-0 Ba6 9. Nc3 Nxc3 10. bxc3 Qc8 11. Bxa6 Nxa6 12. Qd3 Nc7 13. Bg5 Qd8 14. Bxe7 Qxe7 15. Nd2 d6 16. Qg3 0-0-0 17. a4 dxe5 18. Qxe5 f6 19. Qe2 Qd7 20. Nc4 Qc6 21. Na3 Rd7 22. a5 b5 23. Rab1 Rd5 24. c4 bxc4 25. Nxc4 Kd7 26. Rfc1 Qa8 27. a6 Rb8 28. Ne3 Rxb1 29. Rxb1 Rxd4 30. Rb7 Rd6 31. Qb5+ Rc6 32. Nc4 Qe8 33. Na5 Kd6 34. Qb4+ Ke5 35. Qe1+ Kf5 36. g4+ Kg5 37. Qe3+ Kh4 38. Qg3+ Kg5 39. Nxc6 1-0

[Event "CZE-chT2C 1819"]
[Site "Czech Republic"]
[Date "2019.03.31"]
[Round "11.2"]
[White "Crha, Ondrej"]
[Black "Neckar, Lubomir"]
[Result "0-1"]
[WhiteElo "2173"]
[BlackElo "2281"]
[PlyCount "100"]
[EventDate "2018.10.14"]
[EventType "team-tourn"]
[EventRounds "11"]
[EventCountry "CZE"]
[SourceTitle "EXT 2022"]
[Source "ChessBase"]
[SourceDate "2021.10.06"]
[SourceVersion "1"]
[SourceVersionDate "2021.10.06"]
[SourceQuality "1"]
[WhiteTeam "Mlada Boleslav"]
[BlackTeam "Lysa nad Labem IV"]
[WhiteTeamCountry "CZE"]
[BlackTeamCountry "CZE"]

1. e4 Nf6 2. e5 Nd5 3. d4 d6 4. Nf3 dxe5 5. Nxe5 c6 6. Bd3 Nd7 7. Nxd7 Bxd7 8. 0-0 g6 9. c3 Bg7 10. Bg5 h6 11. Bh4 f5 12. Bg3 Qb6 13. Qb3 g5 14. Qxb6 axb6 15. Be5 Bxe5 16. dxe5 Nf4 17. Bc2 Be6 18. Nd2 0-0 19. g3 Ng6 20. Nf3 c5 21. Bb3 Bxb3 22. axb3 Kf7 23. Rxa8 Rxa8 24. Re1 Ke6 25. h4 gxh4 26. gxh4 Rd8 27. Kg2 Nf4+ 28. Kg3 Nd3 29. Rd1 Rg8+ 30. Ng5+ hxg5 31. Rxd3 gxh4+ 32. Kxh4 Kxe5 33. Rd7 Kf4 34. Kh5 e5 35. Rxb7 Rg2 36. Rxb6 Rxf2 37. b4 c4 38. Rc6 e4 39. Rxc4 Rxb2 40. Kg6 Rd2 41. b5 Rd6+ 42. Kh5 Kf3 43. Rd4 Re6 44. Kg5 f4 45. Kf5 Re8 46. b6 Rf8+ 47. Kg5 e3 48. b7 e2 49. Rxf4+ Rxf4 50. b8Q Rg4+ 0-1

[Event "CZE-chT2C 1819"]
[Site "Czech Republic"]
[Date "2019.03.17"]
[Round "10.2"]
[White "Istona, Martin"]
[Black "Crha, Ondrej"]
[Result "1-0"]
[WhiteElo "2269"]
[BlackElo "2173"]
[PlyCount "86"]
[EventDate "2018.10.14"]
[EventType "team-tourn"]
[EventRounds "11"]
[EventCountry "CZE"]
[SourceTitle "EXT 2022"]
[Source "ChessBase"]
[SourceDate "2021.10.06"]
[SourceVersion "1"]
[SourceVersionDate "2021.10.06"]
[SourceQuality "1"]
[WhiteTeam "Praha Vrsovice"]
[BlackTeam "Mlada Boleslav"]
[WhiteTeamCountry "CZE"]
[BlackTeamCountry "CZE"]

1. e4 c5 2. Nf3 e6 3. d4 cxd4 4. Nxd4 a6 5. Nc3 Qc7 6. Bd3 Nf6 7. 0-0 Bc5 8. Nb3 Be7 9. a4 b6 10. f4 d6 11. e5 Nfd7 12. Qg4 g6 13. Qg3 Nc6 14. Ne4 d5 15. Ng5 Nc5 16. Bd2 Bd7 17. Kh1 Qb7 18. Nxc5 bxc5 19. b3 Nb4 20. Bxb4 Qxb4 21. c3 Qa5 22. Bc2 Rc8 23. h4 Qd8 24. h5 Bxg5 25. fxg5 Qe7 26. Rf6 Kd8 27. Qf4 Be8 28. Bd3 Rc6 29. Be2 Rb6 30. b4 cxb4 31. c4 b3 32. cxd5 b2 33. Rb1 Rb4 34. Qf2 exd5 35. Rxa6 Rb8 36. Rd6+ Bd7 37. Bb5 Rb7 38. Rxb2 Qxg5 39. Rxd7+ Rxd7 40. Bxd7 Kxd7 41. Qxf7+ Kc8 42. Qb7+ Kd8 43. Qxd5+ Kc8 1-0

[Event "CZE-chT2C 1819"]
[Site "Czech Republic"]
[Date "2019.01.27"]
[Round "7.2"]
[White "Crha, Ondrej"]
[Black "Mudra, Pavel"]
[Result "0-1"]
[WhiteElo "2173"]
[BlackElo "2251"]
[PlyCount "145"]
[EventDate "2018.10.14"]
[EventType "team-tourn"]
[EventRounds "11"]
[EventCountry "CZE"]
[SourceTitle "EXT 2022"]
[Source "ChessBase"]
[SourceDate "2021.10.06"]
[SourceVersion "1"]
[SourceVersionDate "2021.10.06"]
[SourceQuality "1"]
[WhiteTeam "Mlada Boleslav"]
[BlackTeam "Bakov nad Jizerou"]
[WhiteTeamCountry "CZE"]
[BlackTeamCountry "CZE"]

1. e4 e5 2. Nf3 Nc6 3. Bb5 a6 4. Ba4 Nf6 5. Qe2 b5 6. Bb3 Bc5 7. a4 Rb8 8. axb5 axb5 9. d3 d6 10. Be3 0-0 11. 0-0 Bg4 12. h3 Bxf3 13. Qxf3 Nd4 14. Bxd4 Bxd4 15. c3 Bb6 16. Nd2 c6 17. Rfe1 g6 18. Nf1 Kg7 19. Ne3 Nd7 20. g3 Qg5 21. h4 Qf6 22. Qg4 Nc5 23. Bc2 Ne6 24. Kg2 h5 25. Qe2 Ra8 26. Bb3 Qe7 27. Qf3 Ra7 28. Rxa7 Qxa7 29. Nf5+ gxf5 30. exf5 Qe7 31. Qxc6 Nc5 32. Qxb6 Nxb3 33. Qxb5 Nc5 34. d4 Nd7 35. dxe5 dxe5 36. f6+ Kxf6 37. f4 Rb8 38. fxe5+ Kg7 39. Qe2 Qe6 40. b4 Qf5 41. Qf3 Kg6 42. Qc6+ Qe6 43. Qe4+ Kg7 44. Qe2 Re8 45. Qxh5 Nxe5 46. Qg5+ Kf8 47. Qe3 Qc6+ 48. Qe4 Qxc3 49. h5 Re6 50. Re3 Qd2+ 51. Re2 Qg5 52. Qh4 Qxh4 53. gxh4 f6 54. Ra2 Rb6 55. Ra4 Nd3 56. Kg3 Nxb4 57. Kg4 Kg7 58. Ra7+ Kh6 59. Kf5 Nd5 60. Rf7 Ne3+ 61. Kf4 Re6 62. Rf8 Kxh5 63. Rh8+ Kg6 64. Rg8+ Kf7 65. Rg1 Nd5+ 66. Kf3 Re5 67. Rg4 Re3+ 68. Kf2 Rd3 69. Ke2 Rh3 70. Kf2 Ne3 71. Rf4 Kg6 72. h5+ Kg5 73. Re4 0-1

[Event "CZE-chT2C 1819"]
[Site "Czech Republic"]
[Date "2019.01.13"]
[Round "6.1"]
[White "Crha, Ondrej"]
[Black "Novotny, Jaroslav"]
[Result "1/2-1/2"]
[WhiteElo "2173"]
[BlackElo "2166"]
[PlyCount "52"]
[EventDate "2018.10.14"]
[EventType "team-tourn"]
[EventRounds "11"]
[EventCountry "CZE"]
[SourceTitle "EXT 2022"]
[Source "ChessBase"]
[SourceDate "2021.10.06"]
[SourceVersion "1"]
[SourceVersionDate "2021.10.06"]
[SourceQuality "1"]
[WhiteTeam "Mlada Boleslav"]
[BlackTeam "Jicin"]
[WhiteTeamCountry "CZE"]
[BlackTeamCountry "CZE"]

1. e4 c5 2. c3 Nf6 3. e5 Nd5 4. d4 cxd4 5. cxd4 e6 6. Nf3 b6 7. Bd3 Bb4+ 8. Bd2 Bxd2+ 9. Nfxd2 Ba6 10. Ne4 0-0 11. Nbc3 Bxd3 12. Qxd3 Nc6 13. Nxd5 exd5 14. Nd6 f6 15. f4 fxe5 16. dxe5 Nb4 17. Qb3 Rxf4 18. g3 Rd4 19. Rd1 Rxd1+ 20. Kxd1 a5 21. a3 Qg5 22. Qc3 Qh5+ 23. Kd2 Qg5+ 24. Kd1 Qh5+ 25. Kd2 Qg5+ 26. Kd1 Qh5+ 1/2-1/2

[Event "CZE-chT2B 1718"]
[Site "Czech Republic"]
[Date "2017.11.19"]
[Round "3.3"]
[White "Pribyl, Jakub"]
[Black "Crha, Ondrej"]
[Result "1/2-1/2"]
[WhiteElo "2143"]
[BlackElo "2191"]
[PlyCount "66"]
[EventDate "2017.10.15"]
[EventType "team-tourn"]
[EventRounds "11"]
[EventCountry "CZE"]
[SourceTitle "EXT 2022"]
[Source "ChessBase"]
[SourceDate "2021.10.06"]
[SourceVersion "1"]
[SourceVersionDate "2021.10.06"]
[SourceQuality "1"]
[WhiteTeam "Usti nad Labem"]
[BlackTeam "Mlada Boleslav"]
[WhiteTeamCountry "CZE"]
[BlackTeamCountry "CZE"]

1. e4 c5 2. Nf3 e6 3. d4 cxd4 4. Nxd4 a6 5. Bd3 Nf6 6. 0-0 Qc7 7. Kh1 Bc5 8. Nb3 Be7 9. f4 d6 10. c4 Nbd7 11. Nc3 b6 12. Qe2 0-0 13. Be3 Bb7 14. Rad1 Rfe8 15. Rfe1 Nc5 16. Bxc5 bxc5 17. Qf2 Nd7 18. Qg3 Bf6 19. Bc2 Rad8 20. Nd2 g6 21. Nf3 Bg7 22. Ng5 Nb6 23. b3 d5 24. cxd5 exd5 25. e5 h6 26. Nh3 c4 27. bxc4 Nxc4 28. Bb3 d4 29. Ne4 Bxe4 30. Rxe4 Ne3 31. Rg1 Qc6 32. Nf2 Nf5 33. Qd3 a5 1/2-1/2

[Event "CZE-chT2B 1617"]
[Site "Czech Republic"]
[Date "2017.03.19"]
[Round "10.2"]
[White "Safarik, Jakub"]
[Black "Crha, Ondrej"]
[Result "1/2-1/2"]
[WhiteElo "2180"]
[BlackElo "2180"]
[PlyCount "159"]
[EventDate "2016.10.09"]
[EventType "team-tourn"]
[EventRounds "11"]
[EventCountry "CZE"]
[SourceTitle "EXT 2022"]
[Source "ChessBase"]
[SourceDate "2021.10.06"]
[SourceVersion "1"]
[SourceVersionDate "2021.10.06"]
[SourceQuality "1"]
[WhiteTeam "Horice"]
[BlackTeam "Mlada Boleslav"]
[WhiteTeamCountry "CZE"]
[BlackTeamCountry "CZE"]

1. d4 d5 2. Nf3 Nf6 3. c4 e6 4. Nc3 c6 5. g3 Nbd7 6. Bg2 b6 7. 0-0 Be7 8. Qc2 0-0 9. Rd1 Bb7 10. e4 dxe4 11. Ng5 h6 12. Ngxe4 Nxe4 13. Qxe4 Nf6 14. Qe2 Bd6 15. b3 Qe7 16. Bb2 Ba3 17. Na4 Bxb2 18. Nxb2 Rad8 19. Rd2 Rd7 20. Rad1 Rfd8 21. Rd3 g6 22. Na4 e5 23. Kf1 exd4 24. Qxe7 Rxe7 25. Rxd4 Rxd4 26. Rxd4 c5 27. Rd8+ Kg7 28. Bxb7 Rxb7 29. Nc3 Re7 30. Ra8 Ng4 31. h3 Ne5 32. Nd5 Rd7 33. Ke2 Nc6 34. f4 Nb4 35. Nxb4 cxb4 36. Ke3 h5 37. g4 hxg4 38. hxg4 Kf6 39. Rc8 Re7+ 40. Kf3 Rd7 41. c5 bxc5 42. Rxc5 Rd6 43. Ra5 a6 44. Ke4 Ke6 45. Ra4 Rb6 46. Kd4 f5 47. g5 Rd6+ 48. Kc4 Rc6+ 49. Kxb4 Kd5 50. Ka5 Re6 51. Rb4 Rd6 52. a4 Rc6 53. Rc4 Rd6 54. Rc1 Ke4 55. Rf1 Rd2 56. b4 Ra2 57. Kxa6 Rxa4+ 58. Kb5 Ra2 59. Kb6 Rb2 60. b5 Ke3 61. Kc6 Rc2+ 62. Kb7 Rb2 63. b6 Ke4 64. Kc7 Rc2+ 65. Kb8 Rb2 66. b7 Rb3 67. Rc1 Kxf4 68. Kc7 Kxg5 69. b8Q Rxb8 70. Kxb8 f4 71. Kc7 f3 72. Kd6 Kf4 73. Kd5 g5 74. Rc8 Ke3 75. Re8+ Kd3 76. Rf8 g4 77. Rf4 Ke3 78. Rxg4 f2 79. Rg3+ Ke2 80. Rg2 1/2-1/2

[Event "CZE-chT2B 1617"]
[Site "Czech Republic"]
[Date "2017.02.26"]
[Round "9.2"]
[White "Crha, Ondrej"]
[Black "Liska, Jiri2222"]
[Result "1/2-1/2"]
[WhiteElo "2180"]
[BlackElo "2184"]
[PlyCount "45"]
[EventDate "2016.10.09"]
[EventType "team-tourn"]
[EventRounds "11"]
[EventCountry "CZE"]
[SourceTitle "EXT 2022"]
[Source "ChessBase"]
[SourceDate "2021.10.06"]
[SourceVersion "1"]
[SourceVersionDate "2021.10.06"]
[SourceQuality "1"]
[WhiteTeam "Mlada Boleslav"]
[BlackTeam "Liberec Desko"]
[WhiteTeamCountry "CZE"]
[BlackTeamCountry "CZE"]

1. e4 e5 2. Nf3 Nf6 3. Nc3 Nc6 4. d4 exd4 5. Nxd4 Bb4 6. Nxc6 bxc6 7. Bd3 d5 8. exd5 cxd5 9. 0-0 0-0 10. Bg5 c6 11. Qf3 Be7 12. h3 h6 13. Bh4 Be6 14. Ne2 Nd7 15. Bxe7 Qxe7 16. Nf4 Qf6 17. Qg3 Qxb2 18. Nxe6 fxe6 19. Qd6 Ne5 20. Rab1 Qd4 21. Rb4 Qc3 22. Rb3 Qd4 23. Rb4 1/2-1/2

[Event "CZE-chT2B 1617"]
[Site "Czech Republic"]
[Date "2017.01.15"]
[Round "6.3"]
[White "Trejbal, Stanislav"]
[Black "Crha, Ondrej"]
[Result "1-0"]
[WhiteElo "2148"]
[BlackElo "2180"]
[PlyCount "91"]
[EventDate "2016.10.09"]
[EventType "team-tourn"]
[EventRounds "11"]
[EventCountry "CZE"]
[SourceTitle "EXT 2022"]
[Source "ChessBase"]
[SourceDate "2021.10.06"]
[SourceVersion "1"]
[SourceVersionDate "2021.10.06"]
[SourceQuality "1"]
[WhiteTeam "Litomerice"]
[BlackTeam "Mlada Boleslav"]
[WhiteTeamCountry "CZE"]
[BlackTeamCountry "CZE"]

1. e4 c5 2. c4 Nc6 3. Nc3 g6 4. f4 Bg7 5. Nf3 e6 6. d3 Nge7 7. Be3 d6 8. d4 cxd4 9. Nxd4 a6 10. Qd2 d5 11. e5 0-0 12. Rd1 dxc4 13. Nxc6 Qxd2+ 14. Rxd2 Nxc6 15. Bxc4 b5 16. Be2 Rd8 17. Rxd8+ Nxd8 18. Kf2 Bb7 19. Rd1 Bc6 20. Bb6 Nb7 21. Bf3 Rc8 22. Ne4 Bf8 23. Nf6+ Kg7 24. Rc1 Bd7 25. Rxc8 Bxc8 26. Ke3 Be7 27. Ne8+ Kf8 28. Bc6 Bd8 29. Nc7 Ke7 30. Kd4 h5 31. g3 f6 32. Na8 f5 33. Bxd8+ Kxd8 34. Nb6 Na5 35. Kc5 Kc7 36. Nxc8 Nxc6 37. Nd6 Ne7 38. Ne8+ Kd8 39. Nf6 Nc8 40. Kc6 h4 41. b3 hxg3 42. hxg3 b4 43. Nh7 Ne7+ 44. Kd6 Nd5 45. Kxe6 Nc3 46. Kf7 1-0

[Event "CZE-chT2B 1617"]
[Site "Czech Republic"]
[Date "2016.11.13"]
[Round "3.3"]
[White "Crha, Ondrej"]
[Black "Stastny, Petr"]
[Result "1-0"]
[WhiteElo "2180"]
[BlackElo "2041"]
[PlyCount "53"]
[EventDate "2016.10.09"]
[EventType "team-tourn"]
[EventRounds "11"]
[EventCountry "CZE"]
[SourceTitle "EXT 2022"]
[Source "ChessBase"]
[SourceDate "2021.10.06"]
[SourceVersion "1"]
[SourceVersionDate "2021.10.06"]
[SourceQuality "1"]
[WhiteTeam "Mlada Boleslav"]
[BlackTeam "Teplice"]
[WhiteTeamCountry "CZE"]
[BlackTeamCountry "CZE"]

1. e4 c5 2. c3 d5 3. exd5 Qxd5 4. d4 e6 5. Nf3 Nf6 6. Bd3 Be7 7. 0-0 0-0 8. Be3 cxd4 9. cxd4 Nc6 10. Nc3 Qd6 11. a3 b6 12. Rc1 Bb7 13. Bb1 Rfd8 14. Qd3 Rac8 15. b4 g6 16. Rfd1 Rd7 17. Qe2 Bd8 18. Ba2 a5 19. d5 Nxd5 20. Nxd5 exd5 21. Rxd5 Qe7 22. Rxd7 Qxd7 23. b5 Na7 24. Ne5 Rxc1+ 25. Bxc1 Qe7 26. Bxf7+ Kf8 27. Bh6# 1-0

[Event "CZE-chT2B 1516"]
[Site "Czech Republic"]
[Date "2016.02.07"]
[Round "7.2"]
[White "Formanek, Martin"]
[Black "Crha, Ondrej"]
[Result "1/2-1/2"]
[WhiteElo "2172"]
[BlackElo "2189"]
[PlyCount "84"]
[EventDate "2015.10.18"]
[EventType "team-tourn"]
[EventRounds "11"]
[EventCountry "CZE"]
[SourceTitle "EXT 2022"]
[Source "ChessBase"]
[SourceDate "2021.10.06"]
[SourceVersion "1"]
[SourceVersionDate "2021.10.06"]
[SourceQuality "1"]
[WhiteTeam "Unichess II"]
[BlackTeam "Mlada Boleslav"]
[WhiteTeamCountry "CZE"]
[BlackTeamCountry "CZE"]

1. e4 c5 2. Nc3 e6 3. f4 d5 4. Nf3 dxe4 5. Nxe4 Nf6 6. Nxf6+ Qxf6 7. Bb5+ Bd7 8. Qe2 a6 9. Bxd7+ Nxd7 10. 0-0 Bd6 11. g3 0-0 12. d3 Rfe8 13. Ng5 Bc7 14. Bd2 h6 15. Bc3 Qe7 16. Ne4 b5 17. b3 f6 18. a4 Nb6 19. axb5 axb5 20. Rxa8 Rxa8 21. Ra1 Rxa1+ 22. Bxa1 e5 23. c4 bxc4 24. bxc4 f5 25. Nd2 Nd7 26. Nf3 e4 27. dxe4 Qxe4 28. Qxe4 fxe4 29. Nd2 e3 30. Ne4 Nb6 31. Nxc5 Nxc4 32. Kf1 Nd6 33. Bxg7 Kxg7 34. Ne6+ Kf6 35. Nxc7 Kf5 36. Ke2 Ke4 37. Ne6 Nf5 38. g4 Ne7 39. f5 Nd5 40. h3 Nc3+ 41. Ke1 Nd5 42. Ke2 Nc3+ 1/2-1/2

[Event "CZE-chT2B 1516"]
[Site "Czech Republic"]
[Date "2016.01.10"]
[Round "5.2"]
[White "Crha, Ondrej"]
[Black "Horak, Michal"]
[Result "0-1"]
[WhiteElo "2189"]
[BlackElo "2330"]
[PlyCount "80"]
[EventDate "2015.10.18"]
[EventType "team-tourn"]
[EventRounds "11"]
[EventCountry "CZE"]
[SourceTitle "EXT 2022"]
[Source "ChessBase"]
[SourceDate "2021.10.06"]
[SourceVersion "1"]
[SourceVersionDate "2021.10.06"]
[SourceQuality "1"]
[WhiteTeam "Mlada Boleslav"]
[BlackTeam "Most Chess"]
[WhiteTeamCountry "CZE"]
[BlackTeamCountry "CZE"]

1. e4 c5 2. c3 d6 3. d4 Nf6 4. Bd3 cxd4 5. cxd4 g6 6. Nf3 Bg7 7. h3 0-0 8. 0-0 a6 9. Nc3 b5 10. e5 Ne8 11. Be4 Ra7 12. Qb3 Bb7 13. e6 f5 14. Bxb7 Rxb7 15. d5 Nf6 16. a4 Qa5 17. Rd1 b4 18. Be3 Rc8 19. Rac1 Rbc7 20. Na2 Rxc1 21. Nxc1 Ne4 22. Nd3 Bf6 23. Nxb4 Nc5 24. Bxc5 Qxc5 25. Nd3 Qa7 26. a5 Rc7 27. Qa4 Qb7 28. b4 Kg7 29. Nde1 Qb5 30. Qa2 Rc4 31. Nc2 Rc3 32. Nfe1 Qe2 33. Ra1 Bh4 34. Na3 Bxf2+ 35. Kh2 Qe5+ 36. Kh1 Bxe1 37. Nc4 Qxd5 38. Rxe1 Qxc4 39. Qf2 Nc6 40. Re3 Qd4 0-1

[Event "CZE-chT2B 1516"]
[Site "Czech Republic"]
[Date "2015.11.22"]
[Round "3.2"]
[White "Crha, Ondrej"]
[Black "Anaskin, Arsenij"]
[Result "1-0"]
[WhiteElo "2189"]
[BlackElo "2139"]
[PlyCount "91"]
[EventDate "2015.10.18"]
[EventType "team-tourn"]
[EventRounds "11"]
[EventCountry "CZE"]
[SourceTitle "EXT 2022"]
[Source "ChessBase"]
[SourceDate "2021.10.06"]
[SourceVersion "1"]
[SourceVersionDate "2021.10.06"]
[SourceQuality "1"]
[WhiteTeam "Mlada Boleslav"]
[BlackTeam "Jicin III"]
[WhiteTeamCountry "CZE"]
[BlackTeamCountry "CZE"]

1. e4 d6 2. d4 Nf6 3. Nc3 Nbd7 4. Nf3 e5 5. Bc4 Be7 6. 0-0 0-0 7. a4 a5 8. h3 c6 9. Be3 Qc7 10. Qe2 h6 11. Rad1 Re8 12. Rfe1 Nf8 13. dxe5 dxe5 14. Nh4 Be6 15. Bxe6 Nxe6 16. Nf5 Bc5 17. Bxc5 Nxc5 18. Qf3 Kh7 19. Nxh6 gxh6 20. Qxf6 Re6 21. Qf5+ Rg6 22. Rd2 Kg7 23. Red1 Rf6 24. Qg4+ Rg6 25. Qh5 Re8 26. Qf3 Ree6 27. b3 Qe7 28. Ne2 Qg5 29. Ng3 Re8 30. h4 Qg4 31. Nh5+ Kf8 32. Qxg4 Rxg4 33. Nf6 Rxh4 34. Nxe8 Kxe8 35. f3 Rh5 36. Rd8+ Ke7 37. Ra8 Ne6 38. Rxa5 Rg5 39. Ra7 Nf4 40. Rxb7+ Ke6 41. Rd2 h5 42. a5 h4 43. Kh2 Rg8 44. a6 h3 45. g3 Nh5 46. Rbd7 1-0

[Event "CZE-chT1W 1516"]
[Site "Czech Republic"]
[Date "2015.11.01"]
[Round "2.7"]
[White "Crha, Ondrej"]
[Black "Jacek, Martin"]
[Result "1/2-1/2"]
[WhiteElo "2173"]
[BlackElo "2148"]
[PlyCount "39"]
[EventDate "2015.10.11"]
[EventType "team-tourn"]
[EventRounds "11"]
[EventCountry "CZE"]
[SourceTitle "CBM 169 Extra"]
[Source "ChessBase"]
[SourceDate "2015.12.18"]
[SourceVersion "1"]
[SourceVersionDate "2015.12.18"]
[SourceQuality "1"]
[WhiteTeam "Praha Pankrac"]
[BlackTeam "Praha Vysehrad"]
[WhiteTeamCountry "CZE"]
[BlackTeamCountry "CZE"]

1. e4 d5 2. exd5 Qxd5 3. Nf3 Bg4 4. Be2 Nc6 5. d4 e5 6. dxe5 Qxd1+ 7. Bxd1 0-0-0 8. Bf4 Nxe5 9. Bxe5 Re8 10. Nbd2 Bxf3 11. Nxf3 f6 12. 0-0 fxe5 13. Re1 Bd6 14. Ng5 Nf6 15. Ne4 Rhf8 16. Bf3 Nxe4 17. Rxe4 Rf4 18. Rae1 Ref8 19. a3 a5 20. c3 1/2-1/2